000
00315nam a2200133Ia 4500
008
191201s1995 xx 000 0 und d
082
_a
530
_b
GUS
100
_a
GUPTA,H.C
245
0
_a
Solid State Physics
260
_a
N. Delhi
_b
Vikas Publication House
_c
1995
300
_a
404
650
_a
Applied
942
_2
ddc
_c
BK
999
_c
624
_d
624